000
00333nam a2200133Ia 4500
008
221030s9999 xx 000 0 und d
041
_a
English
082
_a
105.23
100
_a
P. S. Dhogal
245
0
_a
Basic Electrical Engineering With Numerical Problems Vol. II
_c
by P. S. Dhogal
260
_c
0
650
_a
B
942
_c
BK
999
_c
12041
_d
12041